| 000 | 01476nam a2200313 a 4500 | ||
|---|---|---|---|
| 001 | BRCA_2732 | ||
| 005 | 20190320203938.0 | ||
| 008 | 041208s1895----sp-a---###---#000-0#spa-u | ||
| 041 | _aspa | ||
| 044 | _asp | ||
| 084 |
_a226 _b.M38 _c1895 |
||
| 100 | 1 |
_aCervantes Saavedra, Miguel de _d1547-1616 _9213 |
|
| 245 | 1 | 0 |
_aEl Ingenioso Hidalgo Don Quijote de la Mancha _cpor Miguel de Cervantes Saavedra. |
| 260 |
_aBarcelona _bMaucci Maucci hermanos _c1895 |
||
| 300 |
_a656 p. _bil. _c23 cm. |
||
| 500 | _aContenido : Primera parte. Dedicatoria del autor. Prólogo del autor. Versos preliminares. Texto. Segunda parte. Dedicatoria del autor. Prólogo del autor. Texto | ||
| 500 | _aEdición de surtido, regularmente impresa y adornada con ilustraciones de García Hispaleto, Gisbert, Puiggarí y otros. Al final de la obra van Prólogo a las Novelas ejemplares, y La Gitanilla Lúdovik Osterc | ||
| 500 | _aEstado físico : Las páginas 562-576 presentan el texto de cabeza | ||
| 500 | _aQM215 | ||
| 650 | 1 | 4 |
_aNovela española _yÉpoca clásica, 1500-1700 _9215 |
| 650 | 1 | 4 |
_aLiteratura española _yÉpoca clásica, 1500-1700 _9216 |
| 650 | 1 | 4 |
_aNovela española _ySiglo XVII _9217 |
| 650 | 1 | 4 |
_aDon Quijote (Personaje ficticio) _eNovela _9218 |
| 700 | 1 |
_aGarcía Hispaleto, Manuel _d1836-1898 _eIlustrador _97714 |
|
| 700 | 1 |
_aPuiggarí, Ramón _d1820-1894 _eIlustrador _97715 |
|
| 740 | 0 | _aEl Ingenioso Hidalgo Don Quijote de la Mancha | |
| 902 | _aQFM | ||
| 942 |
_2lcc _cB |
||
| 999 |
_c2472 _d2472 |
||